| 000 | 00490nam a2200205Ia 4500 | ||
|---|---|---|---|
| 003 | 0100 | ||
| 008 | 130307s9999 xx 000 0 und d | ||
| 020 | _a0691020175 (pbk.) | ||
| 040 | _cARRUPELIB | ||
| 050 | _aHQ767.3.S94 1981 | ||
| 100 | _aSumner, L. W | ||
| 245 | _aAbortion and moral theory | ||
| 260 | _aPrinceton, N.J. : | ||
| 260 | _bPrinceton University Press | ||
| 260 | _cc1981. | ||
| 300 | _ax | ||
| 300 | _b246 p. 23 cm. | ||
| 650 | _bDempsey, Timothy | ||
| 942 | 0 | 0 | _04 |
| 999 |
_c99787 _d99787 |
||